000 00560nam a2200157 a 4500
008 120416s1996 ||||||||||||||||| || u
020 _a0750622253
050 _aQA 76.9.V5 Har
100 _aHarrison, David
245 1 0 _aExperiments in virtual reality
260 _aOxford:
_bButterworth-Heinemann
_c1996
350 _a0.00
650 _aVIRTUAL REALITY
650 0 _aHUMAN-COMPUTER INTERACTION
995 _D0.00
_FCBU-MAIN LIBRARY (Kitwe)
_H1
_I16.99
_M1
_UAVAILABLE
_ZMain Library Open Access Collection
999 _c42920
_d42920